00988nam a22002537a 45000010005000000030006000050050017000110080041000280200018000690400029000870500014001160820012001301000027001422450081001692600050002503000045003004900091003455050008004365200180004445210021006245210020006456500040006657000029007054807FISKH20241014162132.0241014b cb ||||| |||| 00| 0 eng d a9780064400312 aFISKHbengcFISKHdFISKH aPZ7.W6461 a813.52  aWilder, Laura Ingalls  aThe First Four Years /cby Laura Ingalls Wilder : picture gy Garht WIlliams  aNew York :bHarper & Row Publisher ;c1971 .  a134 pages : billustrations ; c20 cm .  a Little House: The Laura Years (9), Little House Novels, Chronological Order (book 24) aZ  aDuring their first four years of marriage, Laura and Almanzo Wilder have a child and fight a losing battle in their attempts to succeed at farming on the South Dakota prairie.8 a1030 bLexile 8 aZ bRaz-Plus  a19th centuryvchildren's literature aWilliams, Garth eartist